000
00284nam a2200109Ia 4500
008
220204s9999 xx 000 0 und d
082
_a
033
_b
LAM
245
0
_a
Economics of information and knowledge
260
_a
United Kingdom
_b
Penguin
_c
1971
700
_a
LAMBERTON, D M
942
_c
BK
999
_c
23055
_d
23055